[Event "Jamshedpur Abled op 4th"]
[Site "Jamshedpur"]
[Date "2024.06.27"]
[Round "7"]
[White "Venkatesan, J."]
[Black "Bhavesh, Kumar Gupta"]
[Result "1-0"]
[WhiteElo "1458"]
[BlackElo "1531"]
[PlyCount "113"]
[EventDate "2024.06.25"]
[EventType "swiss"]
[EventRounds "9"]
[EventCountry "IND"]
[SourceTitle "EXT 2025"]
[Source "ChessBase"]
[SourceDate "2024.10.14"]
[SourceVersion "1"]
[SourceVersionDate "2024.10.14"]
[SourceQuality "1"]

1. e4 c5 2. Nc3 e6 3. Nf3 a6 4. a3 Nc6 5. d4 cxd4 6. Nxd4 g6 7. Nxc6 bxc6 8. g3 Bg7 9. Bd2 Rb8 10. Rb1 Qc7 11. Bg2 Bb7 12. 0-0 Ne7 13. Na4 0-0 14. Nc5 Rfd8 15. Qe1 Re8 16. Ba5 Qc8 17. Qd1 d5 18. exd5 cxd5 19. Nxb7 Rxb7 20. b3 Nc6 21. Bd2 Rd7 22. c3 Ne5 23. Qe2 a5 24. Rfc1 Qd8 25. Bf4 Nc6 26. Rc2 e5 27. Bd2 Ne7 28. b4 d4 29. cxd4 exd4 30. Qd3 Nf5 31. Bc6 axb4 32. Bxb4 Ne7 33. Bxd7 Qxd7 34. Re2 Nc6 35. Rxe8+ Qxe8 36. Re1 Qd7 37. Qb5 Bf6 38. Rc1 Ne5 39. Qb8+ Bd8 40. Qxe5 f6 41. Qc5 Be7 42. Qxe7 Qxe7 43. Bxe7 Kf7 44. Rc7 Ke6 45. Bb4 h5 46. f4 d3 47. Kf2 g5 48. fxg5 fxg5 49. Ke3 Kf5 50. Rc5+ Kg4 51. Kxd3 Kh3 52. Rxg5 Kxh2 53. Ke2 Kh3 54. Kf3 h4 55. gxh4 Kxh4 56. Rd5 Kh3 57. Rh5# 1-0

[Event "Jamshedpur Abled op 4th"]
[Site "Jamshedpur"]
[Date "2024.06.26"]
[Round "4"]
[White "Praneeth, KSSRA"]
[Black "Bhavesh, Kumar Gupta"]
[Result "1-0"]
[WhiteElo "1442"]
[BlackElo "1531"]
[PlyCount "77"]
[EventDate "2024.06.25"]
[EventType "swiss"]
[EventRounds "9"]
[EventCountry "IND"]
[SourceTitle "EXT 2025"]
[Source "ChessBase"]
[SourceDate "2024.10.14"]
[SourceVersion "1"]
[SourceVersionDate "2024.10.14"]
[SourceQuality "1"]

1. e4 c5 2. Nc3 a6 3. Nge2 Nc6 4. g3 Nf6 5. Bg2 e6 6. h3 b5 7. d3 Rb8 8. 0-0 Bb7 9. f4 Be7 10. g4 0-0 11. Ng3 Qb6 12. Be3 Nd4 13. g5 Ne8 14. Nce2 f5 15. Bxd4 cxd4 16. h4 Nc7 17. Kh1 fxe4 18. dxe4 Bc5 19. Nc1 d5 20. e5 d3 21. Nxd3 Be3 22. Qg4 d4 23. Ne4 Nd5 24. Ndc5 Rf5 25. Nxb7 Rxf4 26. Rxf4 Nxf4 27. Nbd6 Rf8 28. Nf6+ gxf6 29. gxf6+ Ng6 30. Qxe6+ Kh8 31. Nf7+ Rxf7 32. Qxb6 Bh6 33. Rf1 Nxe5 34. Qb8+ Rf8 35. Qxe5 d3 36. cxd3 b4 37. Be4 b3 38. Rg1 bxa2 39. f7+ 1-0

[Event "Jamshedpur Abled op 4th"]
[Site "Jamshedpur"]
[Date "2024.06.25"]
[Round "3"]
[White "Bhavesh, Kumar Gupta"]
[Black "Pamarthi, Audietya Aazadh"]
[Result "0-1"]
[WhiteElo "1531"]
[BlackElo "1663"]
[PlyCount "76"]
[EventDate "2024.06.25"]
[EventType "swiss"]
[EventRounds "9"]
[EventCountry "IND"]
[SourceTitle "EXT 2025"]
[Source "ChessBase"]
[SourceDate "2024.10.14"]
[SourceVersion "1"]
[SourceVersionDate "2024.10.14"]
[SourceQuality "1"]

1. e4 b6 2. Nf3 Bb7 3. Nc3 g6 4. d4 Bg7 5. Bf4 e6 6. Be2 Ne7 7. 0-0 0-0 8. Nb5 d6 9. Bd3 a6 10. Nc3 d5 11. e5 c5 12. Qd2 Nbc6 13. Be2 cxd4 14. Nxd4 Nxe5 15. Bh6 N5c6 16. Bxg7 Kxg7 17. Rad1 Nxd4 18. Qxd4+ f6 19. Na4 Nc8 20. f4 Re8 21. Bg4 e5 22. fxe5 fxe5 23. Qf2 Qe7 24. Nxb6 Nxb6 25. Qxb6 Rad8 26. Rd3 Rd6 27. Qa7 Bc6 28. Qxa6 Bd7 29. Bxd7 Rxa6 30. Bxe8 Qxe8 31. Rxd5 Re6 32. c4 e4 33. Kf2 Qa4 34. Rfd1 e3+ 35. Ke1 Qc2 36. Rd7+ Kh6 37. Rf7 e2 38. Ra1 Qxb2 0-1